| 000 | 00687nam a2200229 a 4500 | ||
|---|---|---|---|
| 005 | 20250227063833.0 | ||
| 008 | 190212s2012 mx r 000 0 spa d | ||
| 020 | _a9788497545976 | ||
| 035 | _aUPN01000229055 | ||
| 049 | _aCG | ||
| 050 | 4 |
_aHQ784 I5.8 _bC4.7 |
|
| 100 | 1 |
_aCervantes, Pere _942691 |
|
| 245 | 1 | 0 |
_aTranki pap@s : _bcómo evitar que tus hijos corran riesgos en internet / _cPere Cervantes, Oliver Tauste. |
| 260 |
_aBarcelona, Esp. : _bOniro, _cc2012. |
||
| 300 | _a141 p. | ||
| 440 | 3 | _aEl niño y el muro | |
| 650 | 4 |
_aInternet y niños _93812 |
|
| 650 | 4 |
_aEducación de niños _95387 |
|
| 700 | 1 |
_aTauste, Oliver, _ecoaut. |
|
| 905 | _aLibro | ||
| 999 |
_c201150 _d201150 |
||